MotoGP 2020 Standings - Statistics

General Stats
  • This quiz has been taken 42 times
  • The average score is 20 of 25
Answer Stats
Hint Answer % Correct
Honda Alex Marquez
100%
Yamaha Fabio Quartararo
100%
Suzuki Joan Mir
100%
Suzuki Alex Rins
97%
KTM Brad Binder
97%
Yamaha Franco Morbidelli
97%
Ducati Jack Miller
97%
Yamaha Valentino Rossi
97%
KTM Miguel Oliveira
94%
Ducati Andrea Dovizioso
91%
Ducati Francesco Bagnaia
91%
Ducati Johann Zarco
91%
Yamaha Maverick Vinales
91%
Honda Takaaki Nakagami
82%
Aprilia Aleix Espargaro
79%
KTM Pol Espargaro
79%
Ducati Danilo Petrucci
74%
Aprilia Lorenzo Savadori
68%
Honda Cal Crutchlow
65%
Honda Stefan Bradl
65%
KTM Iker Lecuona
53%
Ducati Michele Pirro
50%
Ducati Tito Rabat
50%
Aprilia Bradley Smith
41%
KTM Mika Kallio
29%
No matching quizzes found
Score Distribution
Percent of People with Each Score
Percentile by Number Answered
Your Score History
You have not taken this quiz